Veľtrh trhu práce – nástroj personálneho marketingu diplomová práca

Saved in:
Bibliographic Details
Main Author: Hodáková, Hana
Corporate Author: Fakulta podnikového manažmentu EU. Katedra manažmentu
Other Authors: Szarková, Miroslava, 1951-
Format: Book
Language:Slovak
Published: Bratislava 2019
Tags: Add Tag
No Tags, Be the first to tag this record!

MARC

LEADER 00000nbm a2200000 4500
001 0255460
005 20191119131226.1
041 0 |a slo 
044 |a SK 
245 1 0 |a Veľtrh trhu práce – nástroj personálneho marketingu  |b diplomová práca  |c Hana Hodáková ; školiteľ: Miroslava Szarková 
264 1 |a Bratislava  |c 2019 
300 |a 59 s. 
100 1 |a Hodáková, Hana 
700 1 |a Szarková, Miroslava, 1951- 
710 2 |a Fakulta podnikového manažmentu EU. Katedra manažmentu